Normal view
MARC view
- Ata Khan, Munezza
Entry Personal Name
001 - CONTROL NUMBER
- control field: 123359
003 - CONTROL NUMBER IDENTIFIER
- control field: NUST
005 - DATE AND TIME OF LATEST TRANSACTION
- control field: 20240607133613.0
008 - FIXED-LENGTH DATA ELEMENTS
- fixed length control field: 240607|| aca||aabn | a|a d
040 ## - CATALOGING SOURCE
- Original cataloging agency: NUST
- Transcribing agency: NUST
100 ## - HEADING--PERSONAL NAME
- Personal name: Ata Khan, Munezza
670 ## - SOURCE DATA FOUND
- Source citation: Work cat.: (NUST): Ata Khan, Munezza, Magneto-Photonic Sensor Integrated in Hydrogel for Real Time Management of Burn Injuries/
